000 00673cam a2200217 a 4500
001 000003079
005 20200929150325.0
008 930422s1988 sp 001 1 spa d
020 _a8420632228
040 _aDO-SdBNP
_cTxSalA
_dPPiU
_dDLC
082 _a863.62
_bS944c
100 1 _aSueiro, Daniel,
_d1932-
_99719
245 1 0 _aCuentos completos /
_cDaniel Sueiro ; prólogo de Darío Villanueva.
260 _aMadrid :
_bAlianza,
_c1988.
300 _axxi, 9-613 p. ;
_c20 cm.
650 4 _aCuentos españoles
_93194
650 4 _aLiteratura española
_9632
700 1 _aVillanueva, Darío,
_d1950-
_epról.
_99720
910 _aCatalogación por copia / LC
910 _aWM
999 _c2910
_d2910